| 000 | 00385nam a22001337a 4500 | ||
|---|---|---|---|
| 999 |
_c528294 _d528294 |
||
| 003 | NUST | ||
| 038 | _amsohail | ||
| 082 |
_a628.95 _bAAS |
||
| 100 |
_aAmerican Assiociation of State Highway _920001 |
||
| 245 | _aAn Information Guide for Roadway Lighting Traffic Noise | ||
| 260 |
_aWashington _bAmerican Assiociation of State Highway _c1969 |
||
| 300 |
_a22,p: _c25cm |
||
| 942 |
_2ddc _cBK |
||